| 000 | 00712cam a2200265 4500 | ||
|---|---|---|---|
| 008 | 090401t1997 xxu||||| |||| 00| 0 eng d | ||
| 020 | _a1857120647 | ||
| 035 | _a(Sirsi) u82735 | ||
| 041 | _aeng | ||
| 050 | _a657.92 | ||
| 110 |
_aAccounting Standards Board _93454 |
||
| 240 | _aFRS 9 | ||
| 245 | _aAssociates and joint ventures. | ||
| 260 |
_aMilton Keynes _bASB Publications _c1997 |
||
| 300 |
_a81p. _c21cm. |
||
| 350 | _a9 | ||
| 490 |
_aASB Financial Reporting Standard _v9 |
||
| 650 | _aACCOUNTING STANDARDS | ||
| 650 | _aASSOCIATES | ||
| 650 | _aFINANCIAL REPORTING | ||
| 650 | _aJOINT VENTURES | ||
| 690 | _aPROPERTY-PROPERTY FINANCE AND INVESTMENT | ||
| 942 | _n0 | ||
| 948 | _c16/12/1997 | ||
| 999 |
_c96822 _d96822 |
||